|
|
|
|
| LEADER |
00000nam a2200000 a 4500 |
| 001 |
UCY0448 |
| 003 |
CL-VaPUC |
| 008 |
940801e19900000SP |||||||||||||||||spa|d |
| 082 |
0 |
4 |
|a 658.154
|b AUS
|2 21
|
| 100 |
0 |
|
|a Austin, L. Allan
|e author
|9 328167
|
| 700 |
0 |
|
|a Cheek, Logan M
|e author
|9 328168
|
| 245 |
1 |
3 |
|a El presupuesto en base cero: diseño y ejemplos de aplicación
|
| 300 |
|
|
|a 216 p
|
| 942 |
|
|
|c BK
|
| 945 |
|
|
|d 19940801 00:00:00
|a mfernand
|
| 260 |
|
|
|a Bilbao
|b Deusto
|c 1990
|
| 650 |
|
7 |
|a PRESUPUESTO BASE CERO
|2 CL-VaPUC
|9 328169
|
| 583 |
|
|
|a last modification
|c 19940801 00:00:00
|k Rodrigo Vera
|
| 999 |
|
|
|c 229448
|d 229446
|
| 952 |
|
|
|0 0
|1 0
|4 0
|6 658_154000000000000_AUS_1990
|7 0
|8 A
|9 230569
|a BIBGIM
|b BIBGIM
|d 2019-11-15
|i 2999617
|o 658.154 AUS 1990
|p 2999617
|r 2025-01-15
|w 2019-11-15
|y BK
|k COM
|